000 01143nam a22003377a 4500
003 CHAP
005 20220329134452.0
008 971013s1958 r 00010 d
010 _a20823
011 _a21795
035 _a25886
040 _cCHAP
090 _aFolleto 8766
100 0 0 _aCervantes R., Javier.
_921601
245 _aResistencia al virus causante del achaparramiento del maíz
260 _aMéxico :
_bOficina de Estudios Especiales,
_c1958
300 _a18 p.
_b: ilus. ; gráfs.
490 _aOficina de Estudios Especiales. Folleto técnico
_v; 29
590 _aBATCH-UPD
_b10
_c20130110
_lUCH01
_h2130
590 _aBATCH-UPD
_b10
_c20130410
_lUCH01
_h1439
590 _aBATCH-UPD
_b10
_c20130914
_lUCH01
_h1737
590 _aCONVERSION
_b10
_c20130109
_lUCH01
_h1312
650 1 4 _aAchaparramiento del maiz.
_9542
650 1 4 _aMaíz
_xEnfermedades por virus.
_970943
700 0 _aNiederhauser, John S.
_981222
700 0 _aRodríguez V., Antonio.
_998940
830 0 _aOficina de Estudios Especiales. Folleto técnico
_v; 29
_982802
901 _aBK
942 _cTESIS
949 _bBC
_cTES
_d-59884
_eTS1
_i25886
_mD
_si
999 _c20823
_d20823